000
00297nam a22000977a 4500
008
240902b |||||||| |||| 00| 0 eng d
020
_a
9789355573711
100
_a
Sharma Mohan Madan
_9
7798
245
_a
Applies English Grammar and Composition-XI And X
260
_a
New Delhi
_b
New Saraswati House
_c
2023
999
_c
12644
_d
12644